000 00287nam a2200121Ia 4500
008 190216s9999||||xx |||||||||||||| ||und||
100 _aDuncan J And Sterling S G
245 2 _aA Text Book Of Physics`
260 _bMacmillan
_c1968
300 _a1063p
650 _aPhysics
942 _cBK
999 _c32737
_d32737